000
00327nam a22001337a 4500
008
250411b |||||||| |||| 00| 0 eng d
020
_a
9789780856076
050
_a
JF7471
_b
.N54
100
_a
NIL
245
_a
Nigeria Transit
260
_a
Abuja Nigeria
_b
Kissa Communication Limited
_c
2008
300
_a
xx, 424p.
942
_c
BK
999
_c
2926
_d
2926